000 00469nam a2200157Ia 4500
008 151213s9999 xx 000 0 und d
020 _a978-0-393-96594-0
100 _aHenry Fielding ed. By . Sheridon Baker
245 _aTom Jones
_cHenry Fielding ed. By . Sheridon Baker
260 _aNew York London
_bW.W.Norton & Company
_c2002
300 _a9148 p.
650 _aEnglish
650 _aEnglish
700 _aHenry Fielding ed. By . Sheridon Baker
999 _c4708
_d4708